| 000 | 00698cam a22002537a 4500 | ||
|---|---|---|---|
| 999 |
_c4985 _d4985 |
||
| 001 | 18342 | ||
| 003 | GBCCL | ||
| 005 | 20241126110531.0 | ||
| 008 | 921105s1992 txu 000 0 eng | ||
| 010 | _a 92235800 //r93 | ||
| 035 | _a(OCoLC)27035987 | ||
| 040 |
_aDLC _cDLC _dMSV _dLBB |
||
| 049 | _aLBBK | ||
| 082 |
_a239 _bBES |
||
| 090 |
_aBT102 _b.B47 |
||
| 092 | 0 |
_a239.00904 _bB561, 1992 _220 |
|
| 100 | 1 |
_aBest, W. E. _9453 |
|
| 245 | 1 | 0 |
_aHonoring the true God / _cby W.E. Best. |
| 260 |
_aHouston, Tex. : _bSouth Belt Assembly of Christ, _c[1992?] |
||
| 300 |
_a32 p. ; _c22 cm. |
||
| 650 | 0 |
_aApologetics _y20th century. _91383 |
|
| 650 | 0 |
_aTheology, Doctrinal. _914 |
|
| 942 |
_2ddc _cBK _06 |
||